Aucorsa - Linea 01 - Estadísticas

Estadísticas generales
  • Esta prueba ha sido intentada 3 veces
  • La puntuación promedio es 8 de 28
Estadísticas de respuestas
L01: FÁTIMA - TENDILLAS % Correcto
Fátima
100%
Agrupación Córdoba
33%
Agrupación Córdoba (Iglesia)
33%
Arcos de la Frontera 1ª
33%
Arcos de la Frontera 2ª
33%
Carlos III (Blas Infante)
33%
Cinco Caballeros 1ª
33%
Cinco Caballeros 2ª
33%
Claudio Marcelo (Tendillas)
33%
Cuesta de la Pólvora
33%
Diario Córdoba
33%
El Potro (la Ribera)
33%
Guaraní
33%
Mahatma Gandhi
33%
Puerta Nueva
33%
Realejo
33%
San Fernando
33%
San Lorenzo
33%
San Pablo
33%
Virgen de Fátima 1ª
33%
Virgen de Fátima 2ª
33%
Avda. Barcelona D.C.
0%
Fátima (Arcos de la Frontera)
0%
Fátima (Dr.Nevado del Rey)
0%
Marrubial (Padres de Gracia)
0%
Marrubial (Puerta Plasencia)
0%
Ntra. Sra. De la Merced
0%
Sagunto (Centro Salud) D.C.
0%
No se encontraron pruebas coincidentes
Distribución de puntuación
Porcentaje de gente con cada puntuación
Porcentaje por número respondido
Historial de tus puntuaciones
No has intentado esta prueba.